[Event "LYM - Open Maîtres"]
[Site "Lausanne - Casino de Montbenon"]
[Date "1999.05.15"]
[Round "6"]
[White "Maric, Alisa"]
[Black "Wojtkiewicz, Aleksander"]
[Result "0-1"]
[WhiteElo "2481"]
[BlackElo "2570"]
[PlyCount "122"]
[EventDate "2006.09.01"]
[SourceDate "2006.09.03"]

1. Nf3 g6 2. d4 Bg7 3. g3 c5 4. Bg2 cxd4 5. Nxd4 Nc6 6. Nb3 Nf6 7. c4 a5 8. a4
O-O 9. O-O d6 10. Na3 Bf5 11. Re1 Qb6 12. h3 Ne4 13. e3 Nc5 14. Nb5 Nd3 15. Re2
Nce5 16. N3d4 Nxc1 17. Rxc1 Bd3 18. Rd2 Bxc4 19. b3 Bxb5 20. Nxb5 Rad8 21. Rcc2
Bf6 22. Qc1 Nd7 23. Rc4 Nc5 24. Qd1 Kg7 25. h4 h5 26. Bf3 Rh8 27. Rd5 Na6 28.
Rd2 Nb4 29. Rc7 Nc6 30. Qc1 Rc8 31. Rxc8 Rxc8 32. Rc2 Be5 33. Bg2 Kg8 34. Kh2
Kg7 35. Kg1 e6 36. f4 Bf6 37. Nxd6 Rd8 38. Ne4 Qxb3 39. Nxf6 Kxf6 40. Kh2 Kg7
41. Qb2+ Qxb2 42. Rxb2 Nb4 43. Bxb7 Rd3 44. e4 Ra3 45. f5 Rxa4 46. fxe6 fxe6
47. Kh3 Ra2 48. Rb3 Rd2 49. Ra3 Nd3 50. Rxa5 Nf2+ 51. Kg2 Nxe4+ 52. Kf3 Nd6 53.
Be4 Kf6 54. Ra8 Rb2 55. Ra3 Nc4 56. Rc3 Nd2+ 57. Ke3 Nf1+ 58. Kf3 Nh2+ 59. Ke3
Ng4+ 60. Kd4 Rb4+ 61. Rc4 Rb2 0-1

[Event "LYM - Open Maîtres"]
[Site "Lausanne - Casino de Montbenon"]
[Date "1999.05.15"]
[Round "6"]
[White "Tukmakov, Vladimir"]
[Black "Jenni, Florian"]
[Result "1-0"]
[WhiteElo "2581"]
[BlackElo "2395"]
[PlyCount "107"]
[EventDate "2006.09.01"]
[SourceDate "2006.09.03"]

1. Nf3 Nf6 2. c4 g6 3. Nc3 Bg7 4. e4 d6 5. d4 O-O 6. Be2 e5 7. O-O Nc6 8. d5
Ne7 9. b4 a5 10. Ba3 Nd7 11. bxa5 Rxa5 12. Bb4 Ra8 13. a4 Bh6 14. a5 f5 15. Bd3
Kh8 16. Re1 Ng8 17. Qc2 fxe4 18. Nxe4 Ndf6 19. Ng3 Rf7 20. Bc3 Bg4 21. Be2 Bf4
22. Rab1 b6 23. axb6 cxb6 24. Rb4 Ne7 25. Qb2 Nc8 26. Bd2 Bxf3 27. Bxf3 Bxd2
28. Qxd2 Qf8 29. Reb1 Rfa7 30. R4b2 Ra1 31. Nf1 Kg7 32. h3 h5 33. Qc1 Rxb1 34.
Qxb1 Qe7 35. Ne3 Ra5 36. Qc1 e4 37. Be2 Qe5 38. h4 Qd4 39. g3 Kf7 40. Bf1 Qc5
41. Bh3 Ne7 42. Qb1 Ra3 43. Rb3 Rxb3 44. Qxb3 Qd4 45. Qa2 Ng4 46. Bxg4 hxg4 47.
Qa7 Ke8 48. Qc7 Qc5 49. Qxc5 dxc5 50. Nxg4 b5 51. Nf6+ Kf7 52. cxb5 c4 53. Nxe4
Nxd5 54. Nd6+ 1-0

[Event "LYM - Open Maîtres"]
[Site "Lausanne - Casino de Montbenon"]
[Date "1999.05.15"]
[Round "6"]
[White "Rainfray, Arnaud"]
[Black "Klovans, Janis"]
[Result "0-1"]
[WhiteElo "2322"]
[BlackElo "2465"]
[PlyCount "112"]
[EventDate "2006.09.01"]
[SourceDate "2006.09.03"]

1. e4 e5 2. Nf3 Nc6 3. Bc4 Nf6 4. d4 exd4 5. e5 d5 6. Bb5 Ne4 7. Nxd4 Bd7 8.
Bxc6 bxc6 9. O-O Bc5 10. f3 Ng5 11. f4 Ne4 12. Be3 Bb6 13. c3 O-O 14. Nd2 c5
15. N4b3 Nxd2 16. Qxd2 c4 17. Nc5 Bf5 18. Rad1 c6 19. Bd4 f6 20. Rde1 fxe5 21.
fxe5 Qe7 22. Qe3 Rae8 23. b4 cxb3 24. axb3 Bc8 25. Rxf8+ Qxf8 26. Nd3 Ba6 27.
Nc5 Bc8 28. b4 Qe7 29. Na4 Bc7 30. Nc5 Bb6 31. Nd3 Bf5 32. Bc5 Qh4 33. Nf2 Bc7
34. Bd4 h6 35. Ra1 Bb8 36. Ra2 Re7 37. Re2 Qh5 38. Nh1 Qg6 39. Ng3 Bg4 40. Re1
Kh7 41. h3 Bc8 42. Ne2 Bf5 43. Nf4 Qg5 44. Qf3 Be4 45. Rxe4 dxe4 46. Qxe4+ Kg8
47. Nd3 Re6 48. c4 Qd2 49. Nf4 Re8 50. b5 Qc1+ 51. Kh2 Qxc4 52. Qg6 Qf7 53.
Qxf7+ Kxf7 54. bxc6 Rxe5 55. Nd3 Rd5+ 56. Be5 Bxe5+ 0-1

[Event "LYM - Open Maîtres"]
[Site "Lausanne - Casino de Montbenon"]
[Date "1999.05.15"]
[Round "7"]
[White "Kengis, Edvins"]
[Black "Epishin, Vladimir"]
[Result "1/2-1/2"]
[WhiteElo "2571"]
[BlackElo "2578"]
[PlyCount "23"]
[EventDate "2006.09.01"]
[SourceDate "2006.09.03"]

1. Nf3 Nf6 2. g3 g6 3. Bg2 Bg7 4. c4 c6 5. d4 O-O 6. O-O d5 7. Nbd2 Nbd7 8. b3
b5 9. cxb5 cxb5 10. Bb2 Bb7 11. Rc1 Qb6 12. Qc2 1/2-1/2

[Event "LYM - Open Maîtres"]
[Site "Lausanne - Casino de Montbenon"]
[Date "1999.05.15"]
[Round "7"]
[White "Jenni, Florian"]
[Black "Herzog, Martin"]
[Result "1-0"]
[WhiteElo "2395"]
[BlackElo "2260"]
[PlyCount "51"]
[EventDate "2006.09.01"]
[SourceDate "2006.09.03"]

1. e4 c5 2. Nf3 d6 3. c3 Nf6 4. Bc4 Nc6 5. d3 e6 6. Qe2 Be7 7. O-O O-O 8. Bb3
b5 9. d4 cxd4 10. cxd4 Rb8 11. Bg5 Qb6 12. Rd1 e5 13. dxe5 dxe5 14. h3 Ba6 15.
Nbd2 Rfd8 16. Rac1 Nd4 17. Nxd4 Qxd4 18. Nf3 Qb4 19. Nxe5 Rxd1+ 20. Rxd1 Rf8
21. Bxf6 Bxf6 22. Nd7 Re8 23. Nxf6+ gxf6 24. Qg4+ Kf8 25. Qh5 Qe7 26. Qxh7 1-0

[Event "LYM - Open Maîtres"]
[Site "Lausanne - Casino de Montbenon"]
[Date "1999.05.15"]
[Round "7"]
[White "Hebden, Mark"]
[Black "Kalinitschev, Sergei"]
[Result "1-0"]
[WhiteElo "2556"]
[BlackElo "2528"]
[PlyCount "45"]
[EventDate "2006.09.01"]
[SourceDate "2006.09.03"]

1. d4 Nf6 2. Nf3 d6 3. Nc3 Bg4 4. e4 e6 5. h3 Bxf3 6. Qxf3 c6 7. Be3 d5 8. Bd3
Bb4 9. e5 Nfd7 10. Qg3 Bf8 11. O-O a6 12. Ne2 c5 13. c4 dxc4 14. Bxc4 Nb6 15.
Rac1 Nc6 16. Bb3 cxd4 17. Rfd1 Rc8 18. Kh1 g6 19. Nxd4 Nxd4 20. Rxc8 Qxc8 21.
Bxd4 Nc4 22. Rc1 b5 23. Rxc4 1-0

[Event "LYM - Open Maîtres"]
[Site "Lausanne - Casino de Montbenon"]
[Date "1999.05.15"]
[Round "7"]
[White "Bu, Xianghzi"]
[Black "Pikula, Dejan"]
[Result "1-0"]
[WhiteElo "2365"]
[BlackElo "2456"]
[PlyCount "87"]
[EventDate "2006.09.01"]
[SourceDate "2006.09.03"]

1. d4 Nf6 2. c4 g6 3. Nc3 Bg7 4. e4 d6 5. f3 O-O 6. Nge2 e5 7. dxe5 dxe5 8.
Qxd8 Rxd8 9. Nd5 Ne8 10. Ne7+ Kh8 11. Nxc8 Rxc8 12. Nc3 Nc6 13. Be3 Rd8 14. Nd5
Nd4 15. Bxd4 exd4 16. Bd3 a5 17. Rc1 a4 18. c5 c6 19. Nb6 Ra5 20. Rc4 a3 21. b4
Ra7 22. Ke2 Nc7 23. Rc2 Re8 24. Kf2 Bf6 25. Rb1 h5 26. g3 Kg7 27. f4 Be7 28.
Kf3 f6 29. Re2 Rd8 30. h4 Rf8 31. f5 gxf5 32. exf5 Bd8 33. Re4 Na6 34. Nc8 Ra8
35. Nd6 Nc7 36. Bc4 Rb8 37. Rbe1 Na6 38. g4 Nxb4 39. gxh5 b5 40. cxb6 Bxb6 41.
Rg4+ Kh8 42. Re7 Nd5 43. Bxd5 cxd5 44. Rgg7 1-0

[Event "LYM - Open Maîtres"]
[Site "Lausanne - Casino de Montbenon"]
[Date "1999.05.15"]
[Round "7"]
[White "Huss, Andreas"]
[Black "Antonini, David"]
[Result "1-0"]
[WhiteElo "2380"]
[BlackElo "2195"]
[PlyCount "69"]
[EventDate "2006.09.01"]
[SourceDate "2006.09.03"]

1. d4 Nf6 2. Nf3 g6 3. c4 Bg7 4. Nc3 O-O 5. e4 d6 6. Be2 e5 7. d5 a5 8. Be3 Ng4
9. Bg5 f6 10. Bh4 h5 11. h3 Nh6 12. Nd2 Nf7 13. g4 g5 14. Bg3 h4 15. Bh2 Nd7
16. f3 Nh8 17. Bg1 Nc5 18. a3 Ng6 19. b4 axb4 20. axb4 Rxa1 21. Qxa1 Na6 22.
Qa3 Nf4 23. b5 Nc5 24. Bxc5 dxc5 25. Qxc5 Re8 26. Bf1 Bf8 27. Qe3 Bb4 28. Rh2
Qe7 29. Nb3 Bxg4 30. fxg4 Ra8 31. Rb2 f5 32. Kd1 fxg4 33. hxg4 Qf8 34. Ra2 Nxd5
35. Qxg5+ 1-0

[Event "LYM - Open Maîtres"]
[Site "Lausanne - Casino de Montbenon"]
[Date "1999.05.15"]
[Round "7"]
[White "Sokolov, Andrei"]
[Black "Maric, Alisa"]
[Result "1/2-1/2"]
[WhiteElo "2567"]
[BlackElo "2481"]
[PlyCount "45"]
[EventDate "2006.09.01"]
[SourceDate "2006.09.03"]

1. e4 c6 2. d4 d5 3. Nd2 dxe4 4. Nxe4 Nd7 5. Ng5 Ngf6 6. Bd3 e6 7. N1f3 Bd6 8.
Qe2 h6 9. Ne4 Nxe4 10. Qxe4 Nf6 11. Qe2 Qc7 12. Bd2 b6 13. O-O-O Bb7 14. Kb1
O-O-O 15. Ba6 Rhe8 16. Bxb7+ Kxb7 17. c4 Qe7 18. Bc3 Rc8 19. Ne5 Nd7 20. Nf3
Bb4 21. Bxb4 Qxb4 22. Rc1 Qa5 23. Rhe1 1/2-1/2

[Event "LYM - Open Maîtres"]
[Site "Lausanne - Casino de Montbenon"]
[Date "1999.05.15"]
[Round "7"]
[White "Kveinys, Aloyzas"]
[Black "Zapolskis, Autonas"]
[Result "1/2-1/2"]
[WhiteElo "2502"]
[BlackElo "2358"]
[PlyCount "77"]
[EventDate "2006.09.01"]
[SourceDate "2006.09.03"]

1. c4 e5 2. g3 Nc6 3. Bg2 g6 4. Nc3 Bg7 5. d3 f5 6. e3 Nf6 7. Nge2 O-O 8. O-O
d6 9. Rb1 a5 10. a3 Ne7 11. Bd2 c6 12. b4 axb4 13. axb4 Be6 14. b5 h6 15. Qc2
g5 16. f4 Rc8 17. bxc6 bxc6 18. Rb7 gxf4 19. exf4 Rc7 20. Rbb1 Nd7 21. Nd1 Qa8
22. Kh1 Rb8 23. Rxb8+ Qxb8 24. Ne3 Rb7 25. Bc3 Qa7 26. Qd2 Nc5 27. Ra1 Qb8 28.
Re1 Rb1 29. Qc2 Rxe1+ 30. Bxe1 Qb3 31. Qxb3 Nxb3 32. fxe5 dxe5 33. Bb4 c5 34.
Ba3 Kf7 35. Nc1 Nxc1 36. Bxc1 Ng6 37. Nd5 e4 38. dxe4 fxe4 39. Bxe4 1/2-1/2

[Event "LYM - Open Maîtres"]
[Site "Lausanne - Casino de Montbenon"]
[Date "1999.05.15"]
[Round "7"]
[White "Grigore, Georg-Gabriel"]
[Black "Seul, Georg"]
[Result "1/2-1/2"]
[WhiteElo "2528"]
[BlackElo "2441"]
[PlyCount "46"]
[EventDate "2006.09.01"]
[SourceDate "2006.09.03"]

1. d4 Nf6 2. c4 e6 3. Nc3 Bb4 4. Qc2 O-O 5. a3 Bxc3+ 6. Qxc3 b6 7. Nf3 Bb7 8.
g3 c5 9. dxc5 bxc5 10. Bg2 a5 11. O-O Qb6 12. Rd1 d5 13. cxd5 Bxd5 14. Ne5 Bxg2
15. Kxg2 Rc8 16. Nc4 Qa6 17. Nd6 Rd8 18. Qxc5 Qxe2 19. Bg5 Nbd7 20. Qc7 Qh5 21.
Bxf6 Nxf6 22. Rac1 h6 23. Qc2 Nd5 1/2-1/2

[Event "LYM - Open Maîtres"]
[Site "Lausanne - Casino de Montbenon"]
[Date "1999.05.15"]
[Round "7"]
[White "Boog, Alexandre"]
[Black "Sadeghi, Hassan"]
[Result "1-0"]
[WhiteElo "2285"]
[BlackElo "2155"]
[PlyCount "69"]
[EventDate "2006.09.01"]
[SourceDate "2006.09.03"]

1. Nc3 Nf6 2. e4 e5 3. f4 d5 4. fxe5 Nxe4 5. Nf3 Nc6 6. Bb5 Bg4 7. Qe2 Ng5 8.
d4 Bxf3 9. gxf3 Ne6 10. Be3 Qh4+ 11. Qf2 Qxf2+ 12. Kxf2 O-O-O 13. Ne2 a6 14.
Ba4 Be7 15. c3 Bh4+ 16. Kg2 Ne7 17. Bc2 g6 18. Rhf1 Ng7 19. Bf2 Nef5 20. Bd3
Be7 21. b4 c6 22. a4 Kc7 23. Bg1 Kd7 24. Rfb1 Ra8 25. Bf2 Rhb8 26. Kf1 Nh4 27.
Bxh4 Bxh4 28. f4 f5 29. Kg2 Ne6 30. Kf3 Be7 31. a5 b5 32. axb6 Rxb6 33. Ra5 Nc7
34. h4 h5 35. Rg1 1-0

[Event "LYM - Open Maîtres"]
[Site "Lausanne - Casino de Montbenon"]
[Date "1999.05.15"]
[Round "7"]
[White "Wojtkiewicz, Aleksander"]
[Black "Prié, Eric"]
[Result "0-1"]
[WhiteElo "2570"]
[BlackElo "2467"]
[PlyCount "102"]
[EventDate "2006.09.01"]
[SourceDate "2006.09.03"]

1. Nf3 d5 2. g3 Bg4 3. Bg2 Nd7 4. c4 e6 5. cxd5 exd5 6. O-O Ngf6 7. d3 Bc5 8.
Qb3 Bb6 9. Nc3 c6 10. Na4 O-O 11. Nxb6 axb6 12. h3 Bxf3 13. Bxf3 Re8 14. Bd2
Nc5 15. Qc2 Ne6 16. e3 Nd7 17. Bg2 Qf6 18. f4 Nec5 19. b4 Na4 20. Rab1 b5 21.
Kh2 Ndb6 22. Rb3 Rad8 23. Bc1 Qd6 24. Qf2 Qd7 25. Bd2 Nc4 26. Bc1 Ncb6 27. Rd1
Ra8 28. Bd2 c5 29. bxc5 Nxc5 30. Rbb1 Rxa2 31. e4 d4 32. Qf3 Nba4 33. Bb4 Na6
34. Be1 Nc3 35. Ra1 Rxa1 36. Rxa1 b4 37. Qf2 Nc5 38. Bf1 Nb3 39. Ra7 Qc7 40.
Qb2 Qb6 41. Rxb7 Qxb7 42. Qxb3 Qb5 43. e5 h6 44. Bg2 Qxd3 45. Qxb4 Qe3 46. Bxc3
dxc3 47. Qc4 g5 48. fxg5 hxg5 49. h4 gxh4 50. Qg4+ Kf8 51. Qb4+ Re7 0-1

[Event "LYM - Open Maîtres"]
[Site "Lausanne - Casino de Montbenon"]
[Date "1999.05.15"]
[Round "7"]
[White "Siegel, Georg"]
[Black "Tukmakov, Vladimir"]
[Result "1-0"]
[WhiteElo "2483"]
[BlackElo "2581"]
[PlyCount "89"]
[EventDate "2006.09.01"]
[SourceDate "2006.09.03"]

1. Nf3 Nf6 2. c4 c5 3. Nc3 d5 4. cxd5 Nxd5 5. d4 Nxc3 6. bxc3 g6 7. e4 Bg7 8.
Rb1 O-O 9. Be2 Qa5 10. Rb5 Qxa2 11. Rxc5 Nd7 12. Rc4 Nb6 13. Rb4 Bd7 14. O-O
Rfc8 15. Qd3 Be6 16. Nd2 Na4 17. c4 Rd8 18. d5 b6 19. Qe3 Bd7 20. Rb3 Nc5 21.
Ra3 Qc2 22. Re1 e5 23. Rc3 Qa4 24. Ba3 Bf8 25. Bb2 Qb4 26. Rc2 Re8 27. Ra1 Nb7
28. Ba3 Qa5 29. Rca2 Nc5 30. Nb3 Nxb3 31. Bxf8 Nxa1 32. Rxa5 Nc2 33. Qd2 Nd4
34. Bh6 bxa5 35. Bf1 Rab8 36. Qg5 Rb1 37. f3 Ne2+ 38. Kf2 Nf4 39. g3 Rxf1+ 40.
Kxf1 Rb8 41. Qf6 Rb1+ 42. Kf2 Rb2+ 43. Ke1 Rb1+ 44. Kd2 Rb2+ 45. Kc3 1-0

[Event "LYM - Open Maîtres"]
[Site "Lausanne - Casino de Montbenon"]
[Date "1999.05.15"]
[Round "7"]
[White "Fressinet, Laurent"]
[Black "Magem Badals, Jordi"]
[Result "1/2-1/2"]
[WhiteElo "2424"]
[BlackElo "2557"]
[PlyCount "60"]
[EventDate "2006.09.01"]
[SourceDate "2006.09.03"]

1. e4 c6 2. d4 d5 3. Nc3 b5 4. a3 dxe4 5. Nxe4 Bf5 6. Ng3 Bg6 7. a4 b4 8. Nf3
Nd7 9. Bd3 e6 10. O-O Ngf6 11. Bg5 Qc7 12. Re1 Bd6 13. Nf5 Bxf5 14. Bxf5 O-O
15. Bd3 h6 16. Bh4 c5 17. dxc5 Qxc5 18. Qd2 Rfd8 19. Rad1 Be7 20. Qe2 Nd5 21.
Bxe7 Qxe7 22. Bc4 N5b6 23. Bb5 Nc5 24. Ne5 Rxd1 25. Rxd1 Qc7 26. g3 Rf8 27. Rd4
a5 28. b3 Nd5 29. Bc4 Rd8 30. Nf3 Rd6 1/2-1/2

[Event "LYM - Open Maîtres"]
[Site "Lausanne - Casino de Montbenon"]
[Date "1999.05.15"]
[Round "7"]
[White "Gallagher, Joseph"]
[Black "Streikus, Simonas"]
[Result "1-0"]
[WhiteElo "2519"]
[BlackElo "2170"]
[PlyCount "134"]
[EventDate "2006.09.01"]
[SourceDate "2006.09.03"]

1. e4 c6 2. d4 d5 3. Nd2 dxe4 4. Nxe4 Nd7 5. Ng5 Ngf6 6. Bd3 e6 7. N1f3 Bd6 8.
Qe2 h6 9. Ne4 Nxe4 10. Qxe4 Qc7 11. Bd2 c5 12. Qg4 Kf8 13. Qh4 Be7 14. Qg3 Bd6
15. Qh4 Be7 16. Qe4 Bd6 17. Qe2 b6 18. O-O Bb7 19. h3 Rc8 20. c3 c4 21. Bc2 Bd5
22. Ne1 Qc6 23. f4 f5 24. Nf3 Nf6 25. Be1 Ne4 26. Nh4 Qe8 27. b3 b5 28. bxc4
bxc4 29. Rb1 g6 30. Qe3 Kg7 31. Nf3 Qc6 32. Ne5 Bxe5 33. dxe5 Qc5 34. Qxc5 Rxc5
35. Rb4 Rd8 36. Bh4 Rdc8 37. Bxe4 Bxe4 38. Rd1 Bd5 39. Ra4 a5 40. Rb1 Bc6 41.
Ra3 a4 42. Rb6 g5 43. fxg5 hxg5 44. Bxg5 Rxe5 45. Rxc6 Rxc6 46. Rxa4 Re2 47. h4
Kg6 48. Ra8 Rb6 49. Bf4 e5 50. Re8 Re4 51. Bg3 f4 52. Bf2 Rb1+ 53. Kh2 Rb2 54.
Bc5 Ree2 55. Rg8+ Kh7 56. Rg5 f3 57. Kh3 Rxg2 58. Rxe5 Rb1 59. Rh5+ Kg6 60.
Rg5+ Rxg5 61. hxg5 Rb5 62. Be3 Kf5 63. Kh4 Ke4 64. Bd4 Rd5 65. Bf2 Rd2 66. Kg3
Rxa2 67. g6 Ra6 1-0

[Event "LYM - Open Maîtres"]
[Site "Lausanne - Casino de Montbenon"]
[Date "1999.05.15"]
[Round "7"]
[White "Ortega, Lexy"]
[Black "Conqueest, Stuart"]
[Result "1/2-1/2"]
[WhiteElo "2485"]
[BlackElo "2488"]
[PlyCount "128"]
[EventDate "2006.09.01"]
[SourceDate "2006.09.03"]

1. d4 f5 2. Nc3 Nf6 3. Bg5 d5 4. Bxf6 exf6 5. e3 Be6 6. Qf3 c6 7. Bd3 g6 8. h3
Qa5 9. Nge2 Nd7 10. g4 fxg4 11. hxg4 O-O-O 12. O-O-O Bf7 13. Kb1 Bg7 14. Rh3
Nf8 15. Nc1 Qc7 16. Rdh1 Kb8 17. Qg2 Re8 18. N3e2 Be6 19. Nf4 Bc8 20. R3h2 Qd7
21. Rg1 Ka8 22. Qh1 Qf7 23. Qf3 Qc7 24. Qg2 g5 25. Nh5 Ng6 26. Qg3 Qe7 27. f4
Rhg8 28. f5 Nh8 29. Re2 Nf7 30. e4 Qd8 31. exd5 Rxe2 32. Nxe2 cxd5 33. Nc3 b6
34. Re1 Nd6 35. Nxd5 Bb7 36. Re6 Bf8 37. Ndxf6 Rh8 38. Qe5 a6 39. a4 Ka7 40. a5
b5 41. Qc5+ Kb8 42. Qb6 Qxb6 43. axb6 Bc8 44. Re1 Kb7 45. b3 b4 46. Nd5 a5 47.
Nhf6 Kc6 48. Ne7+ Bxe7 49. Rxe7 Kxb6 50. Rxh7 Rf8 51. Nd7+ Bxd7 52. Rxd7 Kc6
53. Rg7 Kd5 54. Rxg5 Kxd4 55. Kb2 Nf7 56. Rg6 Ne5 57. Rd6+ Ke3 58. Rd5 Nxg4 59.
Rxa5 Nf2 60. Re5+ Kd4 61. Rb5 Nxd3+ 62. cxd3 Kxd3 63. Re5 Rh8 64. f6 Rh2+
1/2-1/2

[Event "LYM - Open Maîtres"]
[Site "Lausanne - Casino de Montbenon"]
[Date "1999.05.15"]
[Round "7"]
[White "Klovans, Janis"]
[Black "Pavlovic, Milos"]
[Result "1/2-1/2"]
[WhiteElo "2465"]
[BlackElo "2525"]
[PlyCount "87"]
[EventDate "2006.09.01"]
[SourceDate "2006.09.03"]

1. e4 c5 2. Nf3 Nc6 3. d4 cxd4 4. Nxd4 g6 5. Nc3 Bg7 6. Be3 Nf6 7. Bc4 O-O 8.
Bb3 Qa5 9. O-O d6 10. h3 Bd7 11. Re1 Rfe8 12. Qe2 Qh5 13. Qxh5 Nxh5 14. Rad1
Nxd4 15. Bxd4 Bc6 16. Nd5 Bxd5 17. Bxd5 Bxd4 18. Rxd4 Rac8 19. c3 b6 20. e5
dxe5 21. Rxe5 e6 22. Bf3 Nf6 23. a4 Red8 24. Rb4 Kf8 25. a5 Rd6 26. Reb5 Nd7
27. axb6 axb6 28. Ra4 Rd2 29. Ra7 Ke8 30. Kf1 Rc5 31. Rb4 Rd6 32. Be2 Kd8 33.
Bb5 Rc7 34. Ra8+ Rc8 35. Raa4 Nf6 36. Ra7 Rc7 37. Rba4 Rd1+ 38. Ke2 Rb1 39. b4
Rxc3 40. Rxf7 Rb2+ 41. Kd1 Rb1+ 42. Ke2 Rb2+ 43. Kd1 Rb1+ 44. Ke2 1/2-1/2

[Event "LYM - Open Maîtres"]
[Site "Lausanne - Casino de Montbenon"]
[Date "1999.05.15"]
[Round "7"]
[White "Janssen, Ruud"]
[Black "Ekstroem, Roland"]
[Result "0-1"]
[WhiteElo "2445"]
[BlackElo "2498"]
[PlyCount "80"]
[EventDate "2006.09.01"]
[SourceDate "2006.09.03"]

1. Nf3 d5 2. d4 Nf6 3. c4 e6 4. g3 dxc4 5. Bg2 Nc6 6. Qa4 Nd7 7. Qxc4 Nb6 8.
Qd3 e5 9. Be3 exd4 10. Nxd4 Nxd4 11. Bxd4 Bb4+ 12. Nc3 O-O 13. O-O-O c6 14. a3
Be7 15. Qe3 Nc4 16. Qe4 f5 17. Qc2 Qa5 18. e4 Kh8 19. exf5 Bxf5 20. Qe2 Qxa3
21. Qxc4 Bg5+ 22. f4 Qa1+ 23. Nb1 Rad8 24. Be4 Bxe4 25. Bxg7+ Kxg7 26. Qxe4 Bf6
27. Qc2 c5 28. Rhe1 Kh8 29. g4 Bg7 30. g5 Rd4 31. Rxd4 cxd4 32. f5 d3 33. Qxd3
Qxb2+ 34. Kd1 Rc8 35. Nd2 Qc1+ 36. Ke2 Re8+ 37. Ne4 Qxg5 38. Qf3 Re5 39. Rf1
Qe7 40. Kd3 Qa3+ 0-1

[Event "LYM - Open Maîtres"]
[Site "Lausanne - Casino de Montbenon"]
[Date "1999.05.15"]
[Round "7"]
[White "Lukasiewicz, Grzegor"]
[Black "Lazarev, Vladimir"]
[Result "0-1"]
[WhiteElo "2365"]
[BlackElo "2514"]
[PlyCount "100"]
[EventDate "2006.09.01"]
[SourceDate "2006.09.03"]

1. d4 Nf6 2. Nf3 c5 3. d5 d6 4. Nc3 g6 5. e4 Bg7 6. Be2 O-O 7. O-O Na6 8. Nd2
Nc7 9. a4 b6 10. Nc4 Ba6 11. Bg5 Rb8 12. Qd2 Bxc4 13. Bxc4 a6 14. Qe2 Qc8 15.
f4 Qb7 16. e5 b5 17. axb5 axb5 18. Bxf6 exf6 19. exd6 bxc4 20. dxc7 Qxc7 21.
Ra2 f5 22. Qxc4 Rb4 23. Qd3 Rxf4 24. g3 c4 25. Qd2 Qc5+ 26. Kg2 Rxf1 27. Kxf1
Rd8 28. Qg5 Re8 29. Qd2 Be5 30. Ne2 Rd8 31. Ra5 Qb6 32. Ra2 Kg7 33. Qa5 Qd6 34.
Ra4 Qxd5 35. Qxd5 Rxd5 36. Rxc4 Bxb2 37. Kf2 g5 38. h3 Ba3 39. Kf3 h5 40. Nc3
Re5 41. Rd4 Rc5 42. Nd1 Rxc2 43. Rd5 Rc5 44. Rxc5 Bxc5 45. Nc3 Kf6 46. g4 hxg4+
47. hxg4 fxg4+ 48. Kxg4 Kg6 49. Ne2 f5+ 50. Kf3 g4+ 0-1

[Event "LYM - Open Maîtres"]
[Site "Lausanne - Casino de Montbenon"]
[Date "1999.05.15"]
[Round "7"]
[White "Grabliauskas, Virginijus"]
[Black "Herb, Pascal"]
[Result "1-0"]
[WhiteElo "2455"]
[BlackElo "2356"]
[PlyCount "133"]
[EventDate "2006.09.01"]
[SourceDate "2006.09.03"]

1. d4 Nf6 2. c4 e6 3. Nf3 a6 4. g3 b5 5. cxb5 axb5 6. Bg2 Bb7 7. O-O Na6 8.
Nbd2 c5 9. b3 Be7 10. Bb2 O-O 11. a3 Rc8 12. Rc1 Qb6 13. dxc5 Nxc5 14. b4 Na4
15. Bd4 Qa6 16. Qb3 d6 17. Qe3 Rfe8 18. Bh3 Bd5 19. Nh4 Rc6 20. Rfe1 Rec8 21.
Rxc6 Qxc6 22. Ng2 Qc2 23. Nf4 Nc3 24. Nf1 Nce4 25. Nd3 Rc6 26. Rc1 Qb3 27. Rxc6
Bxc6 28. f3 e5 29. Ba1 Qxa3 30. Bb2 Qb3 31. fxe4 Bxe4 32. Nd2 Qd1+ 33. Bf1 Bd5
34. Nf2 Qa4 35. Qc3 Qa7 36. e3 Qb7 37. Qd3 Bc6 38. e4 d5 39. exd5 Nxd5 40. Bxe5
Nxb4 41. Qd4 Bf8 42. Qd8 Qe7 43. Qxe7 Bxe7 44. Nb3 Nc2 45. Nd4 Nxd4 46. Bxd4 f6
47. Bg2 Bxg2 48. Kxg2 Kf7 49. Kf3 Ke6 50. Ke4 g6 51. Be3 f5+ 52. Kd4 g5 53. Nd3
Kd6 54. Nb4 Bf6+ 55. Kd3 h6 56. Bd4 Be7 57. Bg7 h5 58. Kd4 Ke6 59. Nd5 Bd6 60.
Bh6 Be5+ 61. Kc5 Bd6+ 62. Kc6 f4 63. gxf4 gxf4 64. Nxf4+ Bxf4 65. Bxf4 b4 66.
Kc5 b3 67. Bc1 1-0

[Event "LYM - Open Maîtres"]
[Site "Lausanne - Casino de Montbenon"]
[Date "1999.05.15"]
[Round "7"]
[White "Gheng, Josef"]
[Black "Sakaluskas, Vaidas"]
[Result "0-1"]
[WhiteElo "2326"]
[BlackElo "2450"]
[PlyCount "81"]
[EventDate "2006.09.01"]
[SourceDate "2006.09.03"]

1. e4 e6 2. d4 d5 3. Nd2 Nf6 4. Bd3 c5 5. exd5 Qxd5 6. Ngf3 cxd4 7. Bc4 Qd6 8.
O-O Nc6 9. Re1 Be7 10. Bb5 Bd7 11. Nb3 Rd8 12. Qe2 O-O 13. Bg5 a6 14. Bxc6 d3
15. cxd3 Bxc6 16. Nfd4 Rfe8 17. Nxc6 Qxc6 18. d4 Nd5 19. Bxe7 Rxe7 20. Rac1 Qb6
21. g3 Nb4 22. Qf3 Nxa2 23. Rc5 Nb4 24. Rg5 Nd5 25. h4 h6 26. Rge5 Nb4 27. R5e4
Nc6 28. Rg4 Kh8 29. Rf4 Red7 30. Ree4 Kg8 31. Kg2 Nb4 32. Nc5 Re7 33. Qb3 Rd6
34. Rf3 Nd5 35. Qa2 Qc6 36. Qa3 Nc7 37. Nxb7 Nb5 38. Qc5 Qxb7 39. Rg4 Rd5 40.
Qc1 Rf5 41. d5 0-1

[Event "LYM - Open Maîtres"]
[Site "Lausanne - Casino de Montbenon"]
[Date "1999.05.16"]
[Round "8"]
[White "Magam Badals, Jorge"]
[Black "Brendel, Oliver"]
[Result "1/2-1/2"]
[WhiteElo "2557"]
[BlackElo "2404"]
[PlyCount "37"]
[EventDate "2006.09.01"]
[SourceDate "2006.09.03"]

1. e4 c5 2. Nf3 g6 3. d4 cxd4 4. Nxd4 Nc6 5. c4 Nf6 6. Nc3 Nxd4 7. Qxd4 d6 8.
Be2 Bg7 9. O-O O-O 10. Qd3 Be6 11. Bd2 Nd7 12. b3 a6 13. Rac1 b5 14. cxb5 axb5
15. Qxb5 Nc5 16. Bf3 Bxc3 17. Rxc3 Rxa2 18. Be3 Qb8 19. Qxb8 1/2-1/2

[Event "LYM - Open Maîtres"]
[Site "Lausanne - Casino de Montbenon"]
[Date "1999.05.16"]
[Round "8"]
[White "Sargissian, Gabriel"]
[Black "Grigore, Georg-Gabriel"]
[Result "1/2-1/2"]
[WhiteElo "2390"]
[BlackElo "2528"]
[PlyCount "52"]
[EventDate "2006.09.01"]
[SourceDate "2006.09.03"]

1. e4 c5 2. d3 Nc6 3. g3 d5 4. Nd2 Nf6 5. Bg2 e5 6. Ngf3 g6 7. O-O Bg7 8. c3
O-O 9. exd5 Nxd5 10. Nc4 Nb6 11. Be3 Nxc4 12. dxc4 Qe7 13. Qd5 Be6 14. Qxc5
Qxc5 15. Bxc5 Bxc4 16. Bxf8 Bxf1 17. Bxg7 Bxg2 18. Kxg2 Kxg7 19. Rd1 Kf6 20.
Rd7 Rd8 21. Rxb7 e4 22. Nd4 Nxd4 23. cxd4 Rxd4 24. Rxa7 Rd2 25. Ra4 Rxb2 26.
Rxe4 Rxa2 1/2-1/2

[Event "LYM - Open Maîtres"]
[Site "Lausanne - Casino de Montbenon"]
[Date "1999.05.16"]
[Round "8"]
[White "Vuilleumier, Alexandre"]
[Black "Cmiel, Thorsten"]
[Result "0-1"]
[WhiteElo "2090"]
[BlackElo "2260"]
[PlyCount "28"]
[EventDate "2006.09.01"]
[SourceDate "2006.09.03"]

1. e4 c5 2. Nf3 d6 3. Bb5+ Nd7 4. d4 cxd4 5. Qxd4 a6 6. Bc4 Ngf6 7. Nc3 e6 8.
O-O Qc7 9. a4 b6 10. h3 Be7 11. Be3 O-O 12. Nd2 Bb7 13. f3 d5 14. e5 Bc5 0-1

[Event "LYM - Open Maîtres"]
[Site "Lausanne - Casino de Montbenon"]
[Date "1999.05.16"]
[Round "8"]
[White "Meijers, Viesturs"]
[Black "Raeber, Markus"]
[Result "1-0"]
[WhiteElo "2418"]
[BlackElo "2243"]
[PlyCount "55"]
[EventDate "2006.09.01"]
[SourceDate "2006.09.03"]

1. e4 c5 2. Nf3 d6 3. d4 cxd4 4. Nxd4 Nf6 5. Nc3 g6 6. Be3 Bg7 7. f3 O-O 8. Bc4
Nc6 9. Qd2 Bd7 10. Bb3 Rc8 11. g4 Ne5 12. h4 b5 13. h5 Nc4 14. Bxc4 Rxc4 15.
hxg6 fxg6 16. Ndxb5 Rb4 17. e5 Bxb5 18. exf6 Rxf6 19. Nd5 Rxb2 20. Nxf6+ Bxf6
21. Qd5+ Kg7 22. Bd4 Qa5+ 23. Kf2 Qd2+ 24. Kg3 Qxd4 25. Rxh7+ Kxh7 26. Qf7+ Kh6
27. Rh1+ Kg5 28. Rh5+ 1-0